[Bankopoisťovníctvo]

Recenzia publikácie A. Korauša Bankopoisťovníctvo. Publikácia analyzuje príčiny, prečo banky a poisťovacie spoločnosti vstupujú do bankopoisťovacích príprav a prezentujú možnú spoluprácu. Autor sa zameriava na špeciálne potreby operácií bankopoistenia.

Guardado en:
Detalles Bibliográficos
Autor principal: Drugdová, Barbora
Formato: Capítulo de libro
Lenguaje:eslovaco
Materias:
Etiquetas: Agregar Etiqueta
Sin Etiquetas, Sea el primero en etiquetar este registro!

MARC

LEADER 00000naa$a2200000$$$4500
001 0055555
005 20240502083138.3
041 0 |a slo 
044 |a CZ 
245 1 0 |a [Bankopoisťovníctvo]  |c Barbora Drugdová 
520 |a Recenzia publikácie A. Korauša Bankopoisťovníctvo. Publikácia analyzuje príčiny, prečo banky a poisťovacie spoločnosti vstupujú do bankopoisťovacích príprav a prezentujú možnú spoluprácu. Autor sa zameriava na špeciálne potreby operácií bankopoistenia. 
610 2 0 |a recenzie 
610 2 0 |a bankovníctvo 
610 2 0 |a poisťovníctvo 
610 2 0 |a bankopoisťovne 
100 1 |a Drugdová, Barbora